Psicomagia : una terapia panica : conversazioni con Gilles Farcet /

Sábháilte in:
Sonraí bibleagrafaíochta
Príomhchruthaitheoir: Jodorowsky, Alejandro (Údar)
Rannpháirtithe: Farcet, Gilles
Formáid: LEABHAR
Teanga:Iodáilis
Foilsithe / Cruthaithe: Milano : Feltrinelli, 2001
Eagrán:5. ed
Sraith:Universale economica ; 1412
Ábhair:
Clibeanna: Cuir clib leis
Níl clibeanna ann, Bí ar an gcéad duine le clib a chur leis an taifead seo!

MARC

LEADER 00000nam a22000007i 4500
001 IT\ICCU\RMS\0186729
003 ItRI
005 20250302231045.0
008 030609s2001 it |||||| ||||| |||||c
020 |a 8807814129 
040 |b ita  |c Arcigay Rimini 
041 7 |a ita  |2 ISO-639-2 
082 |a 791.430233092  |2 23 
100 1 |a Jodorowsky, Alejandro  |0 IT\ICCU\CFIV\023047  |4 aut 
245 1 0 |a Psicomagia :  |b una terapia panica : conversazioni con Gilles Farcet /  |c Alejandro Jodorowsky ; traduzione di Silvia Meucci. 
250 |a 5. ed 
260 |a Milano :  |b Feltrinelli,  |c 2001 
300 |a 181 p. ;  |c 20 cm. 
650 7 |a Jodorowsky, Alexandro  |x Interviste  |2 scbi 
700 1 |a Farcet, Gilles  |0 IT\ICCU\LO1V\088612 
830 0 |a Universale economica ;  |v 1412  |0 IT\ICCU\CFI\0001103 
942 |2 ddc  |c BK 
952 |0 0  |1 0  |2 ddc  |4 0  |6 791_430000000000000_JOD_PSI  |7 1  |9 3585  |a RN  |b RN  |d 2025-03-02  |l 0  |o  791.430 JOD PSI  |p 10844  |r 2025-03-02 23:11:30  |w 2025-03-02  |y BK  |z Donazione di Urbinati Simona  
981 1 |6 z01  |a i   |b xxxe  
982 1 |6 z01  |a n 
999 |c 2790  |d 2790